02607 a2200205 45000010006000000050017000060080041000230030015000640400040000790800083001192450071002020200022002732640043002953000019003385051891003570410008022481000024022567000022022808560099023024490320260407155724.0260407a2012 arg spa dAR-UNSa-BCEJYS aAR-UNSa-BCEJYSbspacAR-UNSa-BCEJYS a338.45xIndustria como sector económico. Producción comercial, industrial 10aIndustria y sociedadpel sector manufacturero en Jujuy y Argentina a978-950-721-397-7 1aSan Salvador de Jujuy :bEDIUNJuc2012 a386 p.c24 cm. a1. La industria argentina. Rasgos esenciales desde su génesis hasta la década de 1970/ Alicia Angélica Malatesta - 2. La industria argentina entre la sustitución de importaciones y la posconvertibilidad: un breve repaso de la trayectoria estructural del sector / Martín Schorr - 3. La industria en la provincia de Tucumán: de la expansión azucarera a la desindustrialización / Ariel Osatinsky- Pablo Paolasso – 4. Nota sobre el proceso de industrialización en la provincia de Salta / Juan Pablo Balderrama – Abel Fernández Castro- Ricardo G. Martínez – 5. Agroindustrias y minería en la conformación de la estructura económica y social en Jujuy (desde mediados del siglo XX hasta la actualidad) / Laura Golovanevsky- César Cabrera – 6. Evolución del producto bruto geográfico de Jujuy y la realidad social / Benito Carlos Aramayo- Guillermo Horacio Sapag – 7. La industria jujeña entre la crisis de 1930 y los años de Perón. Realidades, actores y políticas públicas / Adriana Kindgard - 8. Forjando industrias. Altos Hornos Zapla y la siderurgia en Jujuy / Liliana Bergesio – Fernando Castillo – 9. Consideraciones acerca de la localización de industrias y los parques industriales en Jujuy / Ivone Carrillo- María Eugenia Lóndero - Alfredo Matas – 10. Agroindustrias de Jujuy. Análisis y perspectivas / Fernando Medina – 11. Sector industrial y empleo en Jujuy en el siglo XXI / Laura Golovanevsky- María Elena Marcoleri – Alfredo Ramírez – 12. Los orígenes de la educación de artes y oficios en el sistema educativo de la provincia de Jujuy / Sandra S. Coca – 13. Aportes de la minería al desarrollo industrial en Jujuy / Ivone Carrillo - Fernanda Colque – Interrelaciones de los distintos actores sociales que participan en los conflictos del sector minero en Jujuy / Mónica R. Echenique -  aspa1 aGolovanevsky, Laura1 aBergesio, Liliana41uhttps://www.biblioeco.unsa.edu.ar/pmb/images/libros/L127027.jpgyImagen de portadaqimage/jpeg